Normal view
MARC view
- MacDermott, Isabel Keith
Entry Nombre Personal
001 - NUMERO DE CONTROL
- campo de control: 49011
003 - IDENTIFICADOR DE NUMERO DE CONTROL
- campo de control: DLC
005 - FECHA Y HORA DE LA ÜLTIMA TRANSACCIÓN
- campo de control: 20230524104852.0
008 - DATOS DE LONGITUD FIJA
- campo de control de longitud fija: 080313n| acannaabn |a aaa c
010 ## - NÚMERO DE CONTROL DE LA BIBLIOTECA DEL CONGRESO
- Número de control LC: no2008040104
035 ## - NUMERO DE CONTROL
- Número de control: (OCoLC)oca07698131
040 ## - FUENTE DE CATALOGACIÓN
- Agencia original de catalogación: MoSU-L
- Lenguaje de catalogación: spa
- Agencia de transcripción: MoSU-L
- Agencia que lo modifica: MX-MxUPN
100 1# - ENCABEZAMIENTO - NOMBRE PERSONAL
- Nombre personal: MacDermott, Isabel Keith
400 1# - VEÁSE - NOMBRE DE PERSONA
- Personal name: Macdermott, Isabel K.
670 ## - FUENTE EN LA QUE SE LOCALIZARON DATOS
- Cita de la fuente: Bulletin of the Pan American Union, July-Dec. 1928:
- Información localizada: p. 1234 (Isabel Keith Macdermott, managing editor, Bulletin of the Pan American Union)
670 ## - FUENTE EN LA QUE SE LOCALIZARON DATOS
- Cita de la fuente: OCLC, Mar. 13, 2008
- Información localizada: (hdg.: MacDermott, Isabel Keith; usage: Isabel Keith MacDermott, Isabel Keith Macdermott)
670 ## - FUENTE EN LA QUE SE LOCALIZARON DATOS
- Cita de la fuente: Libro cuarto de lectura, 1902:
- Información localizada: portada (Isabel K. Macdermott)
902 ## - CATALOGADOR
- Catalogador: Víctor Ruiz/240523
